Inferno (Record no. 367765)
[ view plain ]
| 000 -LEADER | |
|---|---|
| fixed length control field | 00732nam a22002417a 4500 |
| 003 - CONTROL NUMBER IDENTIFIER | |
| control field | 0 |
| 005 - DATE AND TIME OF LATEST TRANSACTION | |
| control field | 20250903151647.0 |
| 008 - FIXED-LENGTH DATA ELEMENTS--GENERAL INFORMATION | |
| fixed length control field | 250903b xxu||||| |||| 00| 0 eng d |
| 020 ## - INTERNATIONAL STANDARD BOOK NUMBER | |
| International Standard Book Number | 978-0-00-790209-5 |
| 050 ## - LIBRARY OF CONGRESS CALL NUMBER | |
| Classification number | PQ 4315.2 |
| Item number | .Al411 2011 |
| 100 ## - MAIN ENTRY--PERSONAL NAME | |
| Personal name | Alighieri, Dante, |
| Relator term | author. |
| 245 ## - TITLE STATEMENT | |
| Title | Inferno |
| Statement of responsibility, etc | Dante Alighieri. |
| 260 ## - PUBLICATION, DISTRIBUTION, ETC. (IMPRINT) | |
| Place of publication, distribution, etc | London, United Kingdom. |
| Name of publisher, distributor, etc | Harper Press. |
| Date of publication, distribution, etc | 2011. |
| 300 ## - PHYSICAL DESCRIPTION | |
| Extent | 238 pages : |
| Dimensions | 18 cm. |
| 500 ## - GENERAL NOTE | |
| General note | Includes classic literature: words and phrases. |
| 650 ## - SUBJECT ADDED ENTRY--TOPICAL TERM | |
| Topical term or geographic name as entry element | Dante Alighieri, 1265-1321. |
| 650 ## - SUBJECT ADDED ENTRY--TOPICAL TERM | |
| Topical term or geographic name as entry element | Hell |
| Form subdivision | Poetry. |
| 650 ## - SUBJECT ADDED ENTRY--TOPICAL TERM | |
| Topical term or geographic name as entry element | Epic poetry, Italian. |
| 650 ## - SUBJECT ADDED ENTRY--TOPICAL TERM | |
| Topical term or geographic name as entry element | Christian poetry, Italian. |
| 650 ## - SUBJECT ADDED ENTRY--TOPICAL TERM | |
| Topical term or geographic name as entry element | Italian poetry |
| Chronological subdivision | to 1400. |
| 650 ## - SUBJECT ADDED ENTRY--TOPICAL TERM | |
| Topical term or geographic name as entry element | Virgil |
| General subdivision | in literature. |
| 942 ## - ADDED ENTRY ELEMENTS (KOHA) | |
| Source of classification or shelving scheme | Library of Congress Classification |
| Koha item type | Books |
| Withdrawn status | Lost status | Source of classification or shelving scheme | Damaged status | Home library | Current library | Shelving location | Date acquired | Source of acquisition | Sub Shelving location | Total Checkouts | Full call number | Barcode | Date last seen | Price effective from | Koha item type |
|---|---|---|---|---|---|---|---|---|---|---|---|---|---|---|---|
| Library of Congress Classification | Luxembourg Library | Luxembourg Library | Classic Section | 11/19/2024 | Library Fund | PQ 4315.2 .Al411 2011 | 21453 | 09/03/2025 | 09/03/2025 | Books |